BONSAI : (Registro nro. 11739)
[ vista simple ]
| 000 -LEADER | |
|---|---|
| fixed length control field | 00408nam a2200157 a 4500 |
| 001 - CONTROL NUMBER | |
| control field | 11739 |
| 005 - DATE AND TIME OF LATEST TRANSACTION | |
| control field | 20180713195936.0 |
| 008 - FIXED-LENGTH DATA ELEMENTS--GENERAL INFORMATION | |
| fixed length control field | 140415s1988 000 0 spa d |
| 041 ## - LANGUAGE CODE | |
| Language code of text/sound track or separate title | spa |
| 082 ## - DEWEY DECIMAL CLASSIFICATION NUMBER | |
| Classification number | 634.97 |
| Item number | LES |
| 100 1# - MAIN ENTRY--PERSONAL NAME | |
| Personal name | LESNIEWICZ, PAUL |
| 245 10 - TITLE STATEMENT | |
| Title | BONSAI : |
| Remainder of title | ARBOLES EN MINIATURA |
| 260 ## - PUBLICATION, DISTRIBUTION, ETC. | |
| Place of publication, distribution, etc. | [s.l.] : |
| Name of publisher, distributor, etc. | REVERTE, |
| Date of publication, distribution, etc. | 1988 |
| 300 ## - PHYSICAL DESCRIPTION | |
| Extent | 201 |
| 650 14 - SUBJECT ADDED ENTRY--TOPICAL TERM | |
| Topical term or geographic name entry element | ARBOLES |
| General subdivision | MINIATURA |
| -- | BONSAI |
| Withdrawn status | Lost status | Source of classification or shelving scheme | Damaged status | Not for loan | Collection code | Home library | Current library | Shelving location | Date acquired | Source of acquisition | Inventory number | Total Checkouts | Total Renewals | Full call number | Barcode | Date last seen | Date last checked out | Price effective from | Koha item type |
|---|---|---|---|---|---|---|---|---|---|---|---|---|---|---|---|---|---|---|---|
| Dewey Decimal Classification | General | Biblioteca Karol Wojtyla | Biblioteca Karol Wojtyla | Área de silencio | 03/12/2013 | Compra | 151000000000000000011970 | 2 | 1 | 634.97 LES | 27356 | 05/01/2026 | 14/10/2024 | 03/12/2013 | Libro |